Hacia mejores tiempos (Record no. 134808)
[ view plain ]
| 000 -LEADER | |
|---|---|
| campo de control de longitud fija | 00813nam a2200217 i 4500 |
| 001 - NÚMERO DE CONTROL | |
| campo de control | 134808 |
| 003 - IDENTIFICADOR DE NÚMERO DE CONTROL | |
| campo de control | ES-MaACL |
| 005 - FECHA Y HORA DE LA ÚLTIMA TRANSACCIÓN | |
| campo de control | 20250702054826.0 |
| 007 - CAMPO FIJO DE DESCRIPCIÓN FÍSICA--INFORMACIÓN GENERAL | |
| campo de control de longitud fija | t| |
| 008 - DATOS DE LONGITUD FIJA--INFORMACIÓN GENERAL | |
| campo de control de longitud fija | 070628m19001965uy ||||1| spa d |
| 080 ## - NÚMERO DE LA CLASIFICACIÓN DECIMAL UNIVERSAL | |
| Número de la Clasificación Decimal Universal | 84-821"18/19" |
| 100 1# - ENTRADA PRINCIPAL--NOMBRE DE PERSONA | |
| Nombre de persona | France, Anatole, |
| Fechas asociadas al nombre | 1844-1924 |
| 9 (RLIN) | 240108 |
| 245 10 - MENCIÓN DEL TÍTULO | |
| Título | Hacia mejores tiempos |
| Resto del título | : (discursos, alocuciones y cartas de Anatole France) y La oración sobre la Acrópolis de Ernesto Renan ; (versión castellana de Carlos M. Princivalle) / |
| Mención de responsabilidad, etc. | Anatole France. |
| 260 ## - PUBLICACIÓN, DISTRIBUCIÓN, ETC. | |
| Lugar de publicación, distribución, etc. | Montevideo : |
| Nombre del editor, distribuidor, etc. | La Facultad, |
| Fecha de publicación, distribución, etc. | [s.a.] |
| 300 ## - DESCRIPCIÓN FÍSICA | |
| Extensión | 232 p., 4 h. ; |
| Dimensiones | 21 cm. |
| 700 1# - ENTRADA AGREGADA--NOMBRE PERSONAL | |
| Nombre de persona | Renan, Ernest, |
| Fechas asociadas al nombre | 1823-1892 |
| 9 (RLIN) | 96168 |
| 700 1# - ENTRADA AGREGADA--NOMBRE PERSONAL | |
| Nombre de persona | Princivalle, Carlos M. |
| 9 (RLIN) | 93982 |
| 740 3# - ENTRADA AGREGADA--TÍTULO RELACIONADO/ANALÍTICO NO CONTROLADO | |
| Título relacionado o analítico no controlado | La oración sobre la Acrópolis. |
| 852 ## - LOCALIZACIÓN | |
| Ubicación | ES-MaACL |
| Número de control de estantería | C-26633 |
| Sublocalización o colección | R.55252 |
| Estatus retirado | Estado de pérdida | Estado de daño | No para préstamo | Biblioteca de origen | Biblioteca actual | Ubicación en estantería | Fecha de adquisición | Fuente de adquisición | Total de préstamos | Signatura topográfica completa | Código de barras | Visto por última vez | Precio de reemplazo | Tipo de ítem Koha |
|---|---|---|---|---|---|---|---|---|---|---|---|---|---|---|
| Biblioteca del Ateneo de Madrid | Biblioteca del Ateneo de Madrid | Depósito 2 | 17/01/2008 | C-26633 | 1140317 | 23/02/2023 | 23/02/2023 | Libro impreso |
